|
|
|
|
| LEADER |
00956nam a22002417a 4500 |
| 001 |
40227 |
| 003 |
BD-DhAAL |
| 008 |
221215t2019 bg ||||| |||| 00| 0 ben d |
| 999 |
|
|
|c 45192
|d 45192
|
| 020 |
|
|
|a 9789849381440
|
| 040 |
|
|
|a BD-DhAAL
|c BD-DhAAL
|
| 041 |
|
|
|a ben
|
| 082 |
|
|
|a 330
|2 23
|
| 100 |
|
|
|a রশীদ, মামুন
|9 52947
|
| 245 |
|
|
|a অর্থনীতির বিষয় আশয় /
|c মামুন রশীদ
|
| 246 |
|
|
|a Orthonitir bishoi ashoi
|
| 260 |
|
|
|a ঢাকা :
|b আলোঘর প্রকাশনা,
|c ২০১৯.
|
| 300 |
|
|
|a ১২৭ পৃষ্ঠা ;
|c ২২ সে.মি.
|
| 541 |
|
|
|a Donated By Akbar Ali Khan
|e 40227
|
| 650 |
|
|
|a Economics.
|9 52948
|
| 852 |
|
|
|a Ayesha Abed Library
|c Akbar Ali Khan Collection
|
| 942 |
|
|
|2 ddc
|c BK
|
| 952 |
|
|
|0 0
|1 0
|2 ddc
|4 0
|6 330_000000000000000_RAS
|7 1
|9 72506
|a BRACUL
|b BRACUL
|c AAKC
|d 2022-12-15
|f Donated by
|g 300.00
|l 0
|o 330 RAS
|p 3010040227
|r 2022-12-15
|t 1
|w 2022-12-15
|y BK
|